000 00314nab a22001097u 4500
008 130520b1983 xxu||||| |||| 00| 0 spa d
041 _aspa
100 1 _aWarthling, W.
_967307
245 0 0 _aDe nuevo Teilhard de Chardin
_cW. Warthling
773 0 _tConcilium
_gV.2,1983,págs.413-420
_x0210-1041
_wRev134
942 _cAR
999 _c354998
_d354998